• 首页
  • 本馆介绍
  • 公告通知
  • 最新文献
  • 馆藏检索
  • 电子资源
  • 读者导购
  • 参考咨询
  • 我的图书馆
  • 登录
  • 详细信息显示
  • 放入我的书架
  • 预约/预借图书
  • 作者相关作品
  • 分类相关作品
  • 丛书相关作品
  • 出版社相关作品

书目信息

  • 表格格式
  • 工作单格式
  • 卡片格式
题名:
中国思想文化概览
    
 
作者: 柳素平 , 杜维霞 著
分册:  
出版信息: 北京   中国社会科学出版社  2016
页数: 310页
开本: 24cm
丛书名:
单 册:
中图分类: B2 , K203
科图分类:
主题词: 思想史--si xiang shi--研究--中国 , 文化史--wen hua shi--研究--中国
电子资源:
ISBN: 978-7-5161-7746-4
000 01123nam0 22002771 450
001 1760912993
005 20170619171929.0
010    @a978-7-5161-7746-4@dCNY72.00
100    @a20161202d2016 em y0chiy50 ea
101 0  @achi
102    @aCN@b110000
105    @ay z 000yy
106    @ar
200 1  @a中国思想文化概览@9zhong guo si xiang wen hua gai lan@f柳素平,杜维霞著
210    @a北京@c中国社会科学出版社@d2016
215    @a310页@d24cm
300    @a中原工学院学术专著出版基金资助 全国高校思政课教学科研团队择优支持计划资助
330    @a本书分上下篇,上篇从先秦、秦汉、魏晋、隋唐、宋元、明清六个时期分析中国传统文化内部自身演变规律,各个时段重要文化现象及内部之间、代际之间的变迁联系,下篇从道咸时期、洋务运动时期、帝国末世、新文化运动前后、南京国民政府时期等五个阶段,对近代以来中国思想文化的发展嬗变及其特点进行梳理探究。
606 0  @a思想史@9si xiang shi@x研究@y中国
606 0  @a文化史@9wen hua shi@x研究@y中国
690    @aB2@v5
690    @aK203@v5
701  0 @a柳素平@9liu su ping@4著
701  0 @a杜维霞@9du wei xia@4著
801  0 @aCN@b百万庄@c20170617
905    @b1013622-4@dB2@e175@f3
    
    中国思想文化概览/柳素平,杜维霞著 .-北京:中国社会科学出版社,2016
    310页;24cm
    中原工学院学术专著出版基金资助 全国高校思政课教学科研团队择优支持计划资助
    
    ISBN 978-7-5161-7746-4:CNY72.00
    本书分上下篇,上篇从先秦、秦汉、魏晋、隋唐、宋元、明清六个时期分析中国传统文化内部自身演变规律,各个时段重要文化现象及内部之间、代际之间的变迁联系,下篇从道咸时期、洋务运动时期、帝国末世、新文化运动前后、南京国民政府时期等五个阶段,对近代以来中国思想文化的发展嬗变及其特点进行梳理探究。
●
相关链接 在E读中查询图书 在五车中查询图书 在当当中查询图书 在豆瓣中查询图书


正题名:中国思想文化概览     索取号:B2/175         预约/预借

序号 登录号 条形码 馆藏地/架位号 状态 备注
1 1013622   210136226   第一样本阅览室/ [索取号:B2/175] 在馆    
2 1013623   210136235   教育系资料室/ [索取号:B2/175] 在馆    
3 1013624   210136244   第一借阅区/ [索取号:B2/175] 在馆    
唐山师范学院图书馆 欢迎您!
大连网信软件有限公司© 版权所有